Big ideas simply explained - All books - Statistics

General Stats
  • This quiz has been taken 7 times
  • The average score is 18 of 41
Answer Stats
Answer % Correct
Astronomy
100%
Economics
100%
Art
75%
Biology
75%
Chemistry
75%
History
75%
Law
75%
Literature
75%
Maths
75%
Physics
75%
Psychology
75%
Science
75%
Anthropology
50%
Architecture
50%
Ecology
50%
Medicine
50%
Philosophy
50%
Bible
25%
Black History
25%
Business
25%
Classical Music
25%
Crime
25%
DC
25%
Design
25%
Feminism
25%
Islam
25%
LGBTQ+ History
25%
Marvel
25%
Military
25%
Movie
25%
Mythology
25%
Poetry
25%
Politics
25%
Religions
25%
Shakespeare
25%
Sherlock Holmes
25%
Sociology
25%
Star Trek
25%
Star Wars
25%
World War 1
25%
World War 2
25%
No matching quizzes found
Score Distribution
Percent of People with Each Score
Percentile by Number Answered
Your Score History
You have not taken this quiz